000 00808nam a2200265 i 4500
001 bgj
100 1 _aMCDOWELL, John
245 1 0 _aListening Plus /
_cJohn McDowell, Christopher Hart.
260 _aLondon :
_bEdward Arnold,
_c1988.
300 _a63 pp :
_bill. ;
_c25 cm.
490 1 _aCambridge Skills for Fluency / Adrian Doff, editor
650 9 _aEnglish language
_xListening
650 9 _aEnglish language
_xSpoken English
650 9 _aListening
655 _aTextbooks for foreigners
655 _aProblems, exercises, etc.
700 1 _aHART, Christopher.
_eco-author
830 0 _aCambridge Skills for Fluency (Adrian Doff, editor)
020 _a0713184485
040 _cBPK
041 0 _aeng
920 _a0-7131-8448-5
942 _cKS
008 s uk f |000 0 eng
999 _c49004
_d49004
856 _uhttp://koha.tu.koszalin.pl/cgi-bin/koha/opac-detail.pl?biblionumber=49004
_yKatalog online BPK